| 000 | 01538cam a2200445 4500 | ||
|---|---|---|---|
| 008 | 020402n2002 000 0 eng u | ||
| 020 | _a1842190849 | ||
| 035 | _a(Sirsi) u117305 | ||
| 041 | _aeng. | ||
| 050 | _a306.1094 | ||
| 100 | _aBall, Michael | ||
| 245 |
_aRICS European Housing Review 2002 _h[electronic resource] |
||
| 260 |
_aLondon _bRICS _c2002 |
||
| 300 |
_a128p _c30cm. |
||
| 520 | _aProvides informed commentary and critical evaluation of EU housing markets. Includes comprehensive coverage of housing and mortgage finance systems, considers the role played by rental housing, and comments on housing markets in the context of macroeconomic and other policies. Also features fourteen country specific reports. | ||
| 650 | _aEUROPE | ||
| 650 | _aAUSTRIA | ||
| 650 | _aBELGIUM | ||
| 650 | _aDENMARK | ||
| 650 | _aFINLAND | ||
| 650 | _aFRANCE | ||
| 650 | _aGERMANY | ||
| 650 | _aGREECE | ||
| 650 | _aIRELAND | ||
| 650 | _aITALY | ||
| 650 | _aNETHERLANDS | ||
| 650 | _aSPAIN | ||
| 650 | _aSWEDEN | ||
| 650 | _aSWITZERLAND | ||
| 650 | _aUNITED KINGDOM | ||
| 650 | _aFINANCE SYSTEMS | ||
| 650 | _aDEMAND AND SUPPLY | ||
| 650 | _aMARKET CONDITIONS | ||
| 650 |
_aRESIDENTIAL PROPERTY _96266 |
||
| 650 | _aANNUAL REVIEW OF EUROPEAN HOUSING | ||
| 650 | _aRICS | ||
| 690 | _aPROPERTY-RESIDENTIAL PROPERTY-RESIDENTIAL PROPERTY MARKET | ||
| 856 | 4 | 8 |
_uhttps://www.rics.org/site/download_feed.aspx?fileID=7272&fileExtension=PDF _z View this item free of charge at www.rics.org |
| 942 | _n0 | ||
| 999 |
_c101969 _d101969 |
||